| 000 | 01239nam a22003497a 4500 | ||
|---|---|---|---|
| 003 | CHAP | ||
| 005 | 20220329134426.0 | ||
| 008 | 971013s1919 r 00010 d | ||
| 010 | _a20311 | ||
| 011 | _a21283 | ||
| 035 | _a25373 | ||
| 040 | _cCHAP | ||
| 082 |
_a350.025 _bD55 |
||
| 245 |
_aDirectorio de autoridades en informática de la administración pública federal, estatal y municipal 19 - 19 _c/ por INEGI |
||
| 260 |
_aMéxico, D.F. : _bINEGI, _c19 -19 |
||
| 300 | _av. | ||
| 500 | _aLa biblioteca tiene: 1986 | ||
| 590 |
_aBATCH-UPD _b10 _c20130109 _lUCH01 _h2319 |
||
| 590 |
_aBATCH-UPD _b10 _c20130110 _lUCH01 _h0111 |
||
| 590 |
_aBATCH-UPD _b10 _c20130110 _lUCH01 _h1725 |
||
| 590 |
_aBATCH-UPD _b10 _c20130409 _lUCH01 _h1841 |
||
| 590 |
_aBATCH-UPD _b10 _c20130410 _lUCH01 _h1107 |
||
| 590 |
_aBATCH-UPD _b10 _c20130913 _lUCH01 _h1933 |
||
| 590 |
_aCONVERSION _b10 _c20130109 _lUCH01 _h1312 |
||
| 650 | 1 | 4 |
_aAdministración pública _xDirectorios. _9935 |
| 650 | 1 | 4 |
_aGobierno estatal _xDirectorios. _948404 |
| 650 | 1 | 4 |
_aGobierno municipal _xDirectorios. _948416 |
| 650 | 1 | 4 |
_aServicios de información _xDirectorios. _9105331 |
| 901 | _aBK | ||
| 942 | _cLIBRO | ||
| 949 |
_a350.025 D55 _bBC _cC _d33724000122040 _eC _h69215 _i25373 _mD _si |
||
| 999 |
_c20311 _d20311 |
||